[Event "Yvelines-ch"]
[Site "Fontenay le Fleury"]
[Date "2012.02.26"]
[Round "7"]
[White "Girod, Yves"]
[Black "Gourvil, Jean Luc"]
[Result "1/2-1/2"]
[WhiteElo "1700"]
[BlackElo "1529"]
[PlyCount "85"]
[EventDate "2012.02.18"]
[EventType "swiss"]
[EventRounds "7"]
[EventCountry "FRA"]
[SourceTitle "EXT 2013"]
[Source "ChessBase"]
[SourceDate "2012.11.22"]
[SourceVersion "1"]
[SourceVersionDate "2012.11.22"]
[SourceQuality "1"]

1. e4 e5 2. Nf3 Nc6 3. Bc4 Be7 4. d4 exd4 5. Nxd4 Ne5 6. Bb3 Nf6 7. Qe2 0-0 8. 0-0 Re8 9. c3 h6 10. Bf4 Bc5 11. Nd2 d5 12. Bxe5 Rxe5 13. N4f3 Bg4 14. Qd3 Rh5 15. h3 Bxh3 16. gxh3 Rxh3 17. Bxd5 Nxd5 18. Qxd5 Qxd5 19. exd5 Bd6 20. c4 g5 21. Kg2 g4 22. Rg1 Bf4 23. Kf1 h5 24. Re1 Kf8 25. Re4 Bh6 26. Kg2 Re8 27. Ne5 Re7 28. f4 Bxf4 29. Ng6+ fxg6 30. Rxf4+ Kg7 31. Ne4 Re3 32. Ng3 h4 33. Rxg4 Rxg3+ 34. Rxg3 hxg3 35. Kxg3 Re2 36. Rb1 Kf6 37. Rf1+ Ke7 38. Rf2 Rxf2 39. Kxf2 Kd6 40. b4 a5 41. a3 axb4 42. axb4 c6 43. dxc6 1/2-1/2

[Event "Yvelines-ch"]
[Site "Fontenay le Fleury"]
[Date "2012.02.18"]
[Round "1"]
[White "Gourvil, Jean Luc"]
[Black "Claisse, Patrick"]
[Result "0-1"]
[WhiteElo "1529"]
[BlackElo "1886"]
[PlyCount "66"]
[EventDate "2012.02.18"]
[EventType "swiss"]
[EventRounds "7"]
[EventCountry "FRA"]
[SourceTitle "EXT 2013"]
[Source "ChessBase"]
[SourceDate "2012.11.22"]
[SourceVersion "1"]
[SourceVersionDate "2012.11.22"]
[SourceQuality "1"]

1. d4 Nf6 2. Bf4 d5 3. Nf3 c5 4. c3 cxd4 5. cxd4 Nc6 6. e3 e6 7. Nbd2 Be7 8. Bd3 0-0 9. Ne5 Bb4 10. a3 Bxd2+ 11. Qxd2 Nxe5 12. Bxe5 b6 13. h3 a5 14. 0-0 Ba6 15. Bh2 Bxd3 16. Qxd3 Qd7 17. f3 Qb7 18. Rfe1 Rfd8 19. e4 dxe4 20. fxe4 b5 21. e5 Nd5 22. Rac1 Rac8 23. Bg3 Rc6 24. Qd2 b4 25. a4 Rdc8 26. b3 Qc7 27. Rxc6 Qxc6 28. Re2 Qc3 29. Be1 Qxb3 30. Qa2 Qd1 31. Kf2 Qxd4+ 32. Kf1 Rc1 33. Qb2 Ne3+ 0-1

[Event "Elancourt op"]
[Site "Elancourt"]
[Date "2010.04.28"]
[Round "5"]
[White "Lemiere, Gerard"]
[Black "Gourvil, Jean Luc"]
[Result "0-1"]
[WhiteElo "1200"]
[BlackElo "1560"]
[PlyCount "88"]
[EventDate "2010.04.25"]
[EventType "swiss"]
[EventRounds "9"]
[EventCountry "FRA"]
[SourceTitle "CBM 136 Extra"]
[Source "ChessBase"]
[SourceDate "2010.07.02"]
[SourceVersion "2"]
[SourceVersionDate "2010.07.15"]
[SourceQuality "1"]

1. Nc3 d5 2. e4 d4 3. Nce2 e5 4. f4 Nc6 5. Nf3 Bg4 6. fxe5 Bxf3 7. gxf3 Nxe5 8. Ng3 Nf6 9. Bg2 Bc5 10. d3 0-0 11. 0-0 h6 12. Bf4 Re8 13. a3 a5 14. Bd2 b5 15. b4 axb4 16. axb4 Rxa1 17. Qxa1 Bb6 18. Kh1 Qa8 19. Ne2 Nfd7 20. f4 Ng4 21. e5 Qxa1 22. Rxa1 Ne3 23. Bxe3 dxe3 24. d4 f6 25. Bc6 Re7 26. Bxb5 fxe5 27. Bxd7 Rxd7 28. fxe5 Bxd4 29. Rd1 Kf7 30. c3 Ke6 31. Rxd4 Rf7 32. Re4 Rf1+ 33. Kg2 Rf2+ 34. Kg3 Rxe2 35. Kf3 Rxh2 36. Rxe3 Rh3+ 37. Ke4 Rxe3+ 38. Kxe3 Kxe5 39. c4 h5 40. b5 Kd6 41. Kd4 h4 42. c5+ Kd7 43. Kd5 h3 44. c6+ Kc8 0-1

[Event "Elancourt op"]
[Site "Elancourt"]
[Date "2010.04.27"]
[Round "3"]
[White "Gourvil, Jean Luc"]
[Black "Richet, Clement"]
[Result "0-1"]
[WhiteElo "1560"]
[BlackElo "1990"]
[PlyCount "84"]
[EventDate "2010.04.25"]
[EventType "swiss"]
[EventRounds "9"]
[EventCountry "FRA"]
[SourceTitle "CBM 136 Extra"]
[Source "ChessBase"]
[SourceDate "2010.07.02"]
[SourceVersion "2"]
[SourceVersionDate "2010.07.15"]
[SourceQuality "1"]

1. d4 Nf6 2. Bf4 e6 3. e3 d5 4. Nf3 c5 5. c3 Nc6 6. Bd3 Bd6 7. Bg3 0-0 8. Nbd2 Qe7 9. Ne5 Bxe5 10. Bxe5 Nxe5 11. dxe5 Nd7 12. Nf3 f5 13. exf6 Nxf6 14. Qc2 e5 15. Nd2 e4 16. Be2 Bf5 17. 0-0-0 Rac8 18. Qb3 Kh8 19. Rhe1 d4 20. exd4 cxd4 21. Bd3 Be6 22. Bc4 Bxc4 23. Nxc4 dxc3 24. bxc3 Rc6 25. Rd4 Rfc8 26. Red1 Qc7 27. Kb2 Rxc4 28. Rxc4 Qxc4 29. Qxc4 Rxc4 30. Rd8+ Ng8 31. Rd7 b5 32. Rb7 a6 33. Kb3 Rc6 34. Kb4 h5 35. Rb8 Kh7 36. Re8 Nf6 37. Re5 Kg6 38. f3 exf3 39. gxf3 Nd7 40. Rd5 Rc4+ 41. Kb3 Nc5+ 42. Kc2 b4 0-1

[Event "Elancourt op"]
[Site "Elancourt"]
[Date "2006.04.23"]
[Round "9"]
[White "De Luise, Anthony"]
[Black "Gourvil, Jean Luc"]
[Result "0-1"]
[WhiteElo "1199"]
[BlackElo "1480"]
[PlyCount "124"]
[EventDate "2006.04.16"]
[EventType "swiss"]
[EventRounds "9"]
[EventCountry "FRA"]
[SourceTitle "CBM 111 Extra"]
[Source "ChessBase"]
[SourceDate "2006.05.09"]
[SourceVersion "1"]
[SourceVersionDate "2006.05.09"]
[SourceQuality "1"]

1. e4 c5 2. Nf3 d5 3. exd5 Qxd5 4. Nc3 Qd8 5. Bb5+ Bd7 6. Bxd7+ Nxd7 7. 0-0 e6 8. d4 h6 9. Be3 Ngf6 10. dxc5 Bxc5 11. Bxc5 Nxc5 12. Qxd8+ Rxd8 13. Rfd1 0-0 14. Rxd8 Rxd8 15. Kf1 Nce4 16. Nxe4 Nxe4 17. Re1 f5 18. Ne5 Rd5 19. Nd3 Kf7 20. f3 Nd2+ 21. Ke2 Nc4 22. b3 Ne5 23. Nxe5+ Rxe5+ 24. Kd2 Rxe1 25. Kxe1 Kf6 26. Ke2 Ke5 27. Ke3 f4+ 28. Kd3 g5 29. g3 fxg3 30. hxg3 h5 31. Ke3 h4 32. gxh4 gxh4 33. f4+ Kf5 34. Kf3 h3 35. Kg3 h2 36. Kxh2 Kxf4 37. Kg2 Ke4 38. Kf2 Kd4 39. Ke2 Kc3 40. Kd1 e5 41. a4 a5 42. Kc1 e4 43. Kd1 e3 44. Ke2 Kxc2 45. Kxe3 Kxb3 46. Kd4 Kxa4 47. Kc3 b5 48. Kb2 b4 49. Ka2 b3+ 50. Kb2 Kb4 51. Kb1 Kc3 52. Ka1 a4 53. Kb1 a3 54. Ka1 b2+ 55. Kb1 a2+ 56. Kxa2 Kc2 57. Ka3 b1Q 58. Ka4 Kc3 59. Ka5 Kc4 60. Ka6 Kc5 61. Ka7 Kc6 62. Ka8 Qb7# 0-1

[Event "Elancourt op"]
[Site "Elancourt"]
[Date "2006.04.20"]
[Round "6"]
[White "Gourvil, Jean Luc"]
[Black "Nicol, Thierry"]
[Result "1-0"]
[WhiteElo "1480"]
[BlackElo "1430"]
[PlyCount "62"]
[EventDate "2006.04.16"]
[EventType "swiss"]
[EventRounds "9"]
[EventCountry "FRA"]
[SourceTitle "CBM 111 Extra"]
[Source "ChessBase"]
[SourceDate "2006.05.09"]
[SourceVersion "1"]
[SourceVersionDate "2006.05.09"]
[SourceQuality "1"]

1. e4 e6 2. d4 d5 3. exd5 exd5 4. Bd3 Bd6 5. Nc3 Nf6 6. Nf3 0-0 7. 0-0 c6 8. h3 h6 9. a3 Be6 10. Be3 Qc7 11. b4 Bf4 12. Re1 Bxe3 13. Rxe3 Nbd7 14. b5 c5 15. dxc5 Nxc5 16. Nd4 b6 17. a4 Rae8 18. Nce2 Nxd3 19. Qxd3 Ne4 20. c4 Nc5 21. Nxe6 Nxd3 22. Nxc7 Rxe3 23. fxe3 dxc4 24. Nd5 f5 25. Nef4 Nxf4 26. exf4 Rd8 27. Ne7+ Kf7 28. Nxf5 Kf6 29. Ne3 c3 30. Rc1 Rc8 31. Nd5+ Kf5 1-0

[Event "Montigny le Bretonneux Noel op 08th"]
[Site "Montigny le Bretonneux"]
[Date "2005.12.31"]
[Round "7"]
[White "Danzanvilliers, Patrice"]
[Black "Gourvil, Jean Luc"]
[Result "1/2-1/2"]
[WhiteElo "1884"]
[BlackElo "1400"]
[PlyCount "54"]
[EventDate "2005.12.26"]
[EventType "swiss"]
[EventRounds "7"]
[EventCountry "FRA"]
[SourceTitle "CBM 110 Extra"]
[Source "ChessBase"]
[SourceDate "2006.03.10"]
[SourceVersion "2"]
[SourceVersionDate "2006.03.10"]
[SourceQuality "1"]

1. e4 c6 2. d4 d5 3. Nc3 g6 4. Be3 Bg7 5. f3 e5 6. exd5 cxd5 7. Bb5+ Bd7 8. Bxd7+ Qxd7 9. Nge2 Ne7 10. Qd2 Nf5 11. Bf2 0-0 12. g4 Ne7 13. 0-0-0 Nbc6 14. h3 h6 15. Rhe1 Rad8 16. Kb1 Kh7 17. Rg1 Rfe8 18. dxe5 Bxe5 19. f4 Bg7 20. Ne4 f5 21. Nc5 Qc8 22. g5 h5 23. Nd4 Nxd4 24. Bxd4 Bxd4 25. Qxd4 Nc6 26. Qd2 b6 27. Nb3 a5 1/2-1/2

[Event "Montigny le Bretonneux Noel op 08th"]
[Site "Montigny le Bretonneux"]
[Date "2005.12.30"]
[Round "6"]
[White "Gourvil, Jean Luc"]
[Black "Saiovici, Adina"]
[Result "1-0"]
[WhiteElo "1400"]
[BlackElo "1050"]
[PlyCount "89"]
[EventDate "2005.12.26"]
[EventType "swiss"]
[EventRounds "7"]
[EventCountry "FRA"]
[SourceTitle "CBM 110 Extra"]
[Source "ChessBase"]
[SourceDate "2006.03.10"]
[SourceVersion "2"]
[SourceVersionDate "2006.03.10"]
[SourceQuality "1"]

1. e4 e5 2. f4 Nc6 3. Nf3 Nf6 4. Bc4 d5 5. Bb3 Bc5 6. fxe5 Nxe4 7. d4 0-0 8. dxc5 Be6 9. Nbd2 Nxc5 10. 0-0 Nd7 11. Ba4 a6 12. Bxc6 bxc6 13. Nb3 Qe7 14. Bg5 f6 15. exf6 Nxf6 16. Qe1 c5 17. c3 Qd6 18. Qe5 Qe7 19. Rae1 Kf7 20. Bxf6 Qxf6 21. Qxf6+ Kxf6 22. Nfd4+ Ke7 23. Nxe6 Rfc8 24. Nxc7+ Kd7 25. Rf7+ Kc6 26. Re6+ Kb7 27. Nxc5+ Kb8 28. Nxa8 Rxc5 29. Rf8+ Kb7 30. Rf7+ Kb8 31. Nb6 Rc7 32. Rxc7 Kxc7 33. Nxd5+ Kd7 34. Rxa6 Ke8 35. Ra7 Kf8 36. Re7 Kg8 37. a4 h6 38. a5 Kh7 39. a6 Kg6 40. a7 h5 41. a8Q Kh6 42. Qg8 Kg5 43. Rf7 Kh4 44. Rf4+ Kg5 45. Qxg7# 1-0

[Event "Montigny le Bretonneux Noel op 08th"]
[Site "Montigny le Bretonneux"]
[Date "2005.12.28"]
[Round "4"]
[White "Gourvil, Jean Luc"]
[Black "Dumesnil, Alain"]
[Result "1-0"]
[WhiteElo "1400"]
[BlackElo "1430"]
[PlyCount "78"]
[EventDate "2005.12.26"]
[EventType "swiss"]
[EventRounds "7"]
[EventCountry "FRA"]
[SourceTitle "CBM 110 Extra"]
[Source "ChessBase"]
[SourceDate "2006.03.10"]
[SourceVersion "2"]
[SourceVersionDate "2006.03.10"]
[SourceQuality "1"]

1. e4 c6 2. d4 d5 3. exd5 cxd5 4. Nf3 Nf6 5. Bg5 e6 6. c4 Be7 7. Bd3 0-0 8. 0-0 Nbd7 9. Nbd2 b6 10. b3 Bb7 11. Ne5 Re8 12. Nxd7 Qxd7 13. Nf3 Qc7 14. Ne5 Nd7 15. Bxe7 Rxe7 16. f4 f5 17. Qd2 Nf6 18. Nf3 Rf8 19. Rae1 Ne4 20. Bxe4 fxe4 21. Ne5 Rf6 22. Rc1 Qd8 23. Rf2 Qe8 24. c5 Rc7 25. g3 b5 26. Qa5 Rc8 27. Qxa7 Bc6 28. Qa3 Qh5 29. Nxc6 Rxc6 30. Qa8+ Rf8 31. Qxc6 e3 32. Qxe6+ Kh8 33. Qxe3 Re8 34. Qf3 Qf5 35. c6 Re4 36. Qd3 Qe6 37. Qxb5 h6 38. c7 Re1+ 39. Rxe1 Qxe1+ 1-0

[Event "Montigny le Bretonneux Noel op 08th"]
[Site "Montigny le Bretonneux"]
[Date "2005.12.27"]
[Round "3"]
[White "Galazka, Pierre"]
[Black "Gourvil, Jean Luc"]
[Result "1-0"]
[WhiteElo "1933"]
[BlackElo "1400"]
[PlyCount "51"]
[EventDate "2005.12.26"]
[EventType "swiss"]
[EventRounds "7"]
[EventCountry "FRA"]
[SourceTitle "CBM 110 Extra"]
[Source "ChessBase"]
[SourceDate "2006.03.10"]
[SourceVersion "2"]
[SourceVersionDate "2006.03.10"]
[SourceQuality "1"]

1. d4 Nf6 2. Nf3 e6 3. c4 d5 4. Nc3 Bb4 5. Qb3 Bxc3+ 6. Qxc3 Ne4 7. Qc2 0-0 8. cxd5 exd5 9. Bf4 c6 10. a3 g6 11. Bh6 Re8 12. e3 Nd7 13. Bd3 Ndf6 14. h3 Qe7 15. 0-0 c5 16. dxc5 Nxc5 17. Rac1 b6 18. Nd4 Be6 19. Bg5 Kg7 20. Nc6 Qd7 21. Qc3 d4 22. Nxd4 Na4 23. Qd2 h6 24. Bxf6+ Kxf6 25. Bb5 Qc8 26. Rxc8 1-0

[Event "Montigny le Bretonneux Noel op 08th"]
[Site "Montigny le Bretonneux"]
[Date "2005.12.27"]
[Round "2"]
[White "Gourvil, Jean Luc"]
[Black "Demarche, Laurent"]
[Result "0-1"]
[WhiteElo "1400"]
[BlackElo "2060"]
[PlyCount "80"]
[EventDate "2005.12.26"]
[EventType "swiss"]
[EventRounds "7"]
[EventCountry "FRA"]
[SourceTitle "CBM 110 Extra"]
[Source "ChessBase"]
[SourceDate "2006.03.10"]
[SourceVersion "2"]
[SourceVersionDate "2006.03.10"]
[SourceQuality "1"]

1. e4 c6 2. d4 d5 3. e5 Bf5 4. Bd3 Bxd3 5. Qxd3 e6 6. Nf3 c5 7. Qb5+ Qd7 8. Nc3 a6 9. Qxd7+ Nxd7 10. 0-0 cxd4 11. Nxd4 Bc5 12. Be3 Ne7 13. Na4 Bxd4 14. Bxd4 Nc6 15. Bc5 b5 16. Nb6 Nxb6 17. Bxb6 Nxe5 18. Bc7 Nc6 19. c3 0-0 20. Rfe1 Rac8 21. Bg3 Rfe8 22. h3 f6 23. Re3 Kf7 24. f3 e5 25. Bf2 g6 26. Rd1 Red8 27. Red3 Ke6 28. Bb6 Rd7 29. b3 Ne7 30. a4 f5 31. a5 e4 32. fxe4 fxe4 33. Re3 Nf5 34. Ree1 Rxc3 35. b4 h5 36. Kh2 h4 37. Rc1 Rxc1 38. Rxc1 e3 39. Kg1 d4 40. Kf1 d3 0-1

[Event "Montigny le Bretonneux Noel op 07th"]
[Site "Montigny le Bretonneux"]
[Date "2004.12.28"]
[Round "4"]
[White "Gourvil, Jean Luc"]
[Black "Bonazzi, Ilario"]
[Result "1-0"]
[WhiteElo "1440"]
[BlackElo "1399"]
[PlyCount "73"]
[EventDate "2004.12.??"]
[EventType "swiss"]
[EventRounds "7"]
[EventCountry "FRA"]
[SourceTitle "EXT 2006"]
[Source "ChessBase"]
[SourceDate "2005.11.24"]
[SourceVersion "1"]
[SourceVersionDate "2005.11.24"]
[SourceQuality "1"]

1. e4 e5 2. f4 exf4 3. Nf3 Nf6 4. e5 Nd5 5. Bc4 c6 6. d4 b5 7. Bxd5 cxd5 8. Bxf4 Bb4+ 9. Bd2 Bxd2+ 10. Qxd2 0-0 11. Nc3 b4 12. Nxd5 a5 13. c3 bxc3 14. Qxc3 Bb7 15. Nf4 d6 16. e6 Qf6 17. exf7+ Rxf7 18. g3 Nc6 19. 0-0 Ne7 20. Qb3 Ba6 21. Rf2 Rc8 22. Nh5 Qf5 23. Nf4 Bc4 24. Qb6 Rc6 25. Qd8+ Rf8 26. Qxe7 d5 27. Re1 Rcc8 28. Qe6+ Qxe6 29. Rxe6 Bxa2 30. Kg2 Bb1 31. b3 Rc3 32. Rb2 Bf5 33. Nxd5 Rd3 34. Ne7+ Kh8 35. Nxf5 g6 36. Ne5 gxf5 37. Nxd3 1-0

[Event "Montigny le Bretonneux Noel op 07th"]
[Site "Montigny le Bretonneux"]
[Date "2004.12.26"]
[Round "1"]
[White "Gourvil, Jean Luc"]
[Black "Hedjazian, Navid"]
[Result "0-1"]
[WhiteElo "1440"]
[BlackElo "1916"]
[PlyCount "78"]
[EventDate "2004.12.??"]
[EventType "swiss"]
[EventRounds "7"]
[EventCountry "FRA"]
[SourceTitle "EXT 2006"]
[Source "ChessBase"]
[SourceDate "2005.11.24"]
[SourceVersion "1"]
[SourceVersionDate "2005.11.24"]
[SourceQuality "1"]

1. e4 d6 2. Nc3 Nf6 3. Nf3 g6 4. d4 Bg7 5. Be3 Bg4 6. d5 Nbd7 7. h3 Bxf3 8. Qxf3 0-0 9. Bd3 c5 10. dxc6 bxc6 11. 0-0 c5 12. Nd5 Nxd5 13. exd5 Bxb2 14. Rab1 Rb8 15. c4 Qa5 16. Bh6 Bg7 17. Rxb8 Rxb8 18. Bxg7 Kxg7 19. Qe2 Ne5 20. Rb1 Rxb1+ 21. Bxb1 Qc3 22. Kh2 Qxc4 23. Qxc4 Nxc4 24. Kg3 Nb6 25. Be4 f5 26. Bf3 g5 27. Kh2 c4 28. Be2 Kf6 29. g3 Ke5 30. a4 c3 31. Bd1 Nxd5 32. g4 f4 33. Bc2 Nb4 34. Bxh7 c2 35. Bxc2 Nxc2 36. h4 gxh4 37. Kh3 Nd4 38. Kxh4 Nf3+ 39. Kh5 Kf6 0-1